<?xml version="1.0" encoding="UTF-8"?>
<record
    xmlns:xsi="http://www.w3.org/2001/XMLSchema-instance"
    xsi:schemaLocation="http://www.loc.gov/MARC21/slim http://www.loc.gov/standards/marcxml/schema/MARC21slim.xsd"
    xmlns="http://www.loc.gov/MARC21/slim">

  <leader>02349    a2200205   4500</leader>
  <controlfield tag="001">58611</controlfield>
  <controlfield tag="005">20260407155842.0</controlfield>
  <controlfield tag="008">260407a1953    arg                 spa d</controlfield>
  <controlfield tag="003">AR-UNSa-BCEJYS</controlfield>
  <datafield tag="040" ind1=" " ind2=" ">
    <subfield code="a">AR-UNSa-BCEJYS</subfield>
    <subfield code="b">spa</subfield>
    <subfield code="c">AR-UNSa-BCEJYS</subfield>
  </datafield>
  <datafield tag="080" ind1=" " ind2=" ">
    <subfield code="a">336.22</subfield>
    <subfield code="x">Impuestos</subfield>
  </datafield>
  <datafield tag="245" ind1="1" ind2="0">
    <subfield code="a">El impuesto a los reditos</subfield>
  </datafield>
  <datafield tag="250" ind1=" " ind2=" ">
    <subfield code="a">5a.ed.</subfield>
  </datafield>
  <datafield tag="264" ind1=" " ind2="1">
    <subfield code="a">Buenos Aires :</subfield>
    <subfield code="b">Ediciones Contabilidad Moderna</subfield>
    <subfield code="c">1953</subfield>
  </datafield>
  <datafield tag="300" ind1=" " ind2=" ">
    <subfield code="a">2v.(530; 520 p.)</subfield>
    <subfield code="c">23 cm.</subfield>
  </datafield>
  <datafield tag="505" ind1=" " ind2=" ">
    <subfield code="a">Vol. I: Primera parte: Sujeto y objeto del impuesto: 1. Concepto del r&#xE9;dito &#x2013; 2. Renta m&#xED;nima no imponible y cargas de familia &#x2013; 3. Compensaci&#xF3;n de quebrantos y a&#xF1;o fiscal &#x2013; 4. La fuente del r&#xE9;dito &#x2013; 5. Sujetos y responsables del impuesto &#x2013; 6. Exenciones &#x2013; 7. Absentismo &#x2013; Segunda parte: R&#xE9;ditos de la primera categor&#xED;a-Rentas del suelo: 8. R&#xE9;ditos imputables a la primera categor&#xED;a &#x2013; 9. Deducciones especiales de la primera categor&#xED;a &#x2013; Tercera parte: R&#xE9;ditos de la segunda categor&#xED;a. Renta de valores mobiliarios: 10. R&#xE9;ditos de la segunda categor&#xED;a &#x2013; 11. R&#xE9;ditos imputables a la segunda categor&#xED;a (continuaci&#xF3;n) &#x2013; 12. Sistema de retenciones para rentas de valores al portador &#x2013; Cuarta parte: R&#xE9;ditos de la tercera categor&#xED;a. Renta del comercio y de la industria: 13. La determinaci&#xF3;n del r&#xE9;dito en la tercera categor&#xED;a &#x2013; 14. La determinaci&#xF3;n del r&#xE9;dito en la tercera categor&#xED;a (continuaci&#xF3;n) &#x2013; 15. Las deducciones admitidas en la tercera categor&#xED;a - VoL. II: 16. Las amortizaciones &#x2013; 17. Fondos de reposici&#xF3;n y amortizaciones extraordinarias con fines de reposici&#xF3;n &#x2013; 18. Rebajas de impuesto por incremento de la capacidad productiva &#x2013; 19. Disposiciones especiales y tratamientos dispensados a ciertas explotaciones &#x2013; 20. Sociedades de capital &#x2013; 21. Disposiciones varias referentes a la tercera categor&#xED;a &#x2013; Quinta parte: R&#xE9;ditos de la cuarta categor&#xED;a. Renta del trabajo personal: 22. La determinaci&#xF3;n del r&#xE9;dito en la cuarta categor&#xED;a &#x2013; 23. La retenciones del impuesto en la cuarta categor&#xED;a &#x2013; Sexta parte: Disposiciones generales varias: 24. Las deducciones no admitidas y otras disposiciones &#x2013; 25. Los procedimientos de retenci&#xF3;n y de informaci&#xF3;n &#x2013; 26. Declaraciones juradas y tasas del impuesto 
</subfield>
  </datafield>
  <datafield tag="942" ind1=" " ind2=" ">
    <subfield code="c">BK</subfield>
  </datafield>
  <datafield tag="590" ind1=" " ind2=" ">
    <subfield code="a">niveau_biblio:m niveau_hierar:0</subfield>
  </datafield>
  <datafield tag="100" ind1="1" ind2=" ">
    <subfield code="a">L&#xF3;pez, Alberto T.</subfield>
  </datafield>
  <datafield tag="999" ind1=" " ind2=" ">
    <subfield code="c">6476</subfield>
    <subfield code="d">6476</subfield>
  </datafield>
  <datafield tag="952" ind1=" " ind2=" ">
    <subfield code="0">0</subfield>
    <subfield code="1">0</subfield>
    <subfield code="4">0</subfield>
    <subfield code="7">0</subfield>
    <subfield code="a">BCEJYS</subfield>
    <subfield code="b">BCEJYS</subfield>
    <subfield code="c">16</subfield>
    <subfield code="d">2026-04-07</subfield>
    <subfield code="l">0</subfield>
    <subfield code="o">336.22 L864 v.1 5ed.</subfield>
    <subfield code="p">L20118</subfield>
    <subfield code="r">2026-04-07 15:58:42</subfield>
    <subfield code="w">2026-04-07</subfield>
    <subfield code="y">L</subfield>
  </datafield>
  <datafield tag="952" ind1=" " ind2=" ">
    <subfield code="0">0</subfield>
    <subfield code="1">0</subfield>
    <subfield code="4">0</subfield>
    <subfield code="7">0</subfield>
    <subfield code="a">BCEJYS</subfield>
    <subfield code="b">BCEJYS</subfield>
    <subfield code="c">16</subfield>
    <subfield code="d">2026-04-07</subfield>
    <subfield code="l">0</subfield>
    <subfield code="o">336.22 L864 v.2 5ed.</subfield>
    <subfield code="p">L20119</subfield>
    <subfield code="r">2026-04-07 15:58:42</subfield>
    <subfield code="w">2026-04-07</subfield>
    <subfield code="y">L</subfield>
  </datafield>
</record>
